000 00337pab a2200157 454500
008 180718b1998 xxu||||| |||| 00| 0 eng d
100 _aSobti, Renu
245 _aEducation and nutrition
260 _c1998
300 _ap.37-41
362 _aOct
650 _aNutrition
650 _aEducation
773 _aYojana
909 _a38771
999 _c38771
_d38771